000 01146 a2200205 4500
003 Nust
005 20221010113151.0
010 _a 94020430
020 _a0070051194 :
020 _a0070051410 (pbk.) :
040 _cNust
082 0 0 _a658.478,BAK
100 1 _aBaker, Richard H.
_999636
245 1 0 _aNetwork security :
_bhow to plan for it and achieve it /
_cRichard H. Baker.
260 _aNew York :
_bMcGraw-Hill,
_cc1995.
300 _axx, 456 p. :
_bill. ;
_c25 cm.
505 _aHow can you Lock an Open Door (Page-1), Building a Security Plan (Page-21), Security is a People Problem (Page-41), Assessing your Risks (Page-59), Controlling Physical Access (Page-85), Building Security Procedures (Page-111), Hardware and Software Security (Page-131), Security the Desktop (Page-165), Securing the Local Area Network (Page-183), Securing the Enterprise Network (Page-205), Managing the Enterprise Network (Page-229), The New Epidemic of Viruses (Page-245), A Disaster Need Not Be Desastrous (Page-263), Electronic Mail and other Legal Problems (Page-281).
650 0 _aComputer networks
_xSecurity measures.
_9466
942 _cREF
_2ddc
999 _c175277
_d175277